El gato con botas / (Registro nro. 14875)
[ vista simple ]
| 000 -LIDER | |
|---|---|
| fixed length control field | 00807nam a22002417a 4500 |
| 003 - IDENTIFICACDOR DE NÚMERO DE CONTROL | |
| control field | DO-SdBPM |
| 005 - DATE AND TIME OF LATEST TRANSACTION | |
| control field | 20241128102203.0 |
| 008 - ELEMENTOS DE LONGITUD FIJA | |
| fixed length control field | 161202b2002 xx a 00| 0 spa d |
| 020 ## - ISBN | |
| International Standard Book Number | 2764115008 |
| 040 ## - FUENTE DE CATALOGACIÓN | |
| Agencia que crea de manera original el registro | DO-SdBPM |
| Idioma de catalogación | spa |
| Agencia que realiza la transcripción | BPMSU |
| 082 #4 - NÚMERO DE CLASIFICACIÓN DECIMAL DE DEWEY | |
| Classification number | 843.47 |
| Item number | P454g 2002 |
| Edition number | 22 |
| 100 1# - ASIENTO PRINCIPAL -- NOMBRE PERSONAL | |
| Nombre personal | Perrault, Charles |
| Fechas asociadas con el nombre | 1628-1703 |
| 9 (RLIN) | 68 |
| 245 13 - MENCIÓN DE TITULO | |
| Título | El gato con botas / |
| Mención de responsabilidad | Charles Perrault ; ilustración Pawel Pawlak ; traducción Gloria Jaramillo |
| 260 ## - PUBLICACIÓN, DISTRIBUCIÓN, ETC. (PIE DE IMPRENTA) | |
| Lugar de publicación, distribución, etc | Canada : |
| Nombre del editor, distribuidor, etc. | Tormont Publication, |
| Fecha de publicación, distribución, etc | 2002 |
| 300 ## - DESCRIPCIÓN FÍSICA | |
| Extensión | 6 p. : |
| Otros detalles físicos | il, ; |
| Dimensiones | 20 cm. |
| 590 ## - NOTA LOCAL | |
| Texto de la nota local | Inventariado, 2024/VM |
| 650 #4 - ENCABEZAMIENTO DE MATERIA--TEMÁTICO | |
| Término temático o nombre geográfico como elemento de entrada | Cuentos infantiles franceses |
| 650 #4 - ENCABEZAMIENTO DE MATERIA--TEMÁTICO | |
| Término temático o nombre geográfico como elemento de entrada | Literatura infantil francesa |
| 700 1# - ASIENTO SECUNDARIO -- NOMBRE PERSONAL | |
| Nombre personal | Pawlak, Pawel |
| Mención de responsabilidad | ilustración |
| 700 1# - ASIENTO SECUNDARIO -- NOMBRE PERSONAL | |
| Nombre personal | Jaramillo, Gloria |
| Mención de responsabilidad | traducción |
| 910 ## - VALIDACIÓN | |
| Validación | VMateo V. Control de calidad. BPMSU |
| 942 ## - ADDED ENTRY ELEMENTS (KOHA) | |
| Source of classification or shelving scheme | Dewey Decimal Classification |
| Koha item type | Libros |
| Withdrawn status | Lost status | Source of classification or shelving scheme | Damaged status | Not for loan | Collection code | Home library | Current library | Date acquired | Total Checkouts | Full call number | Barcode | Date last seen | Price effective from | Koha item type |
|---|---|---|---|---|---|---|---|---|---|---|---|---|---|---|
| Dewey Decimal Classification | Colección Infantil General | Biblioteca Pública Metropolitana Salomé Ureña | Biblioteca Pública Metropolitana Salomé Ureña | 11/28/2024 | BPMSU CGI 843.47 P454g 2002 | BPMSU24110054 | 11/28/2024 | 11/28/2024 | Libros |